| 000 | 00784cam a22001934a 4500 | ||
|---|---|---|---|
| 005 | 20250605164346.0 | ||
| 008 | 250528s ||||||||||||||||||||||||d | ||
| 035 | _a23869 | ||
| 040 |
_aGR-AtMCL _bgre _dGR-AtMCL _eAACR2 |
||
| 245 | 1 | _aThe Name Game / Nicholas Christenfeld and Britta Larsen on How Names may Determine Our Fate in Bizarre and Intriguing Ways | |
| 260 | _c2008 | ||
| 300 | _a95 | ||
| 520 | _aMemory and the Brain, Organ Donation, Bridge Drinking - When Research Traditions Collide, Revolution in Psychology, The Perils of Statistics by Numbers, President's Column, Educational Psychology, Working with Other Fields. | ||
| 700 | 1 |
_aSutton Jon _99351 |
|
| 942 | _cCR | ||
| 710 | 2 |
_aThe British Psychological Society _99823 |
|
| 999 |
_c8788 _d8788 |
||